| 000 | 01070nam a22003737a 4500 | ||
|---|---|---|---|
| 001 | 0000987 | ||
| 003 | KOHA_MİRAKIL | ||
| 005 | 20260207001226.0 | ||
| 007 | ta | ||
| 008 | 081212b2003 tu |||gr||||#||||0|tur | | ||
| 020 |
_a9756700807 _cYTL21,19 |
||
| 040 |
_aTR-BiSEU _btur _cTR-BiSEU _erda |
||
| 041 | 0 | _atur | |
| 044 | _ctu | ||
| 050 |
_aHD58.9 _b.S56 2003 |
||
| 100 | 1 | _aŞimşek, Muhittin. | |
| 245 | 1 |
_aİş hayatında mükemmellik/ _cMuhittin Şimşek ; Muhittin Şimşek. |
|
| 264 | 1 |
_aİstanbul : _bHayat _c2003 |
|
| 300 | _a397 sayfa | ||
| 336 |
_ametin _btxt _2rdacontent |
||
| 337 |
_aaracısız _bn _2rdamedia |
||
| 338 |
_acilt _bnc _2rdacarrier |
||
| 490 | 1 |
_aHayat ; _v166. |
|
| 490 | 1 |
_aYönetim Dizisi ; _v47. |
|
| 650 | 0 |
_aEndüstriyel verimlilik. _93700 |
|
| 650 | 0 |
_aLiderlik. _93701 |
|
| 650 | 0 |
_aZaman yönetimi. _93702 |
|
| 650 | 0 |
_aKalite (Yönetim). _93703 |
|
| 650 | 0 |
_aÖrgütsel etkililik. _93704 |
|
| 650 | 0 |
_aYönetim. _93705 |
|
| 830 | 1 |
_aHayat ; _v166. _93706 |
|
| 830 | 1 |
_aYönetim Dizisi ; _v47. _93707 |
|
| 942 |
_2lcc _cBK |
||
| 999 |
_c982 _d982 |
||